000 00928nam a2200229Ia 4500
003 GCL
008 140319s9999 xx 000 0 ara d
020 _a2801223977
040 _aGCL /
_cGCL
082 0 4 _a214.296
_bم ت
100 1 _aمحمد جلاء ادريس
245 1 0 _aالتأثير الاسلامى فى الفكر الدينى عند طائفة اليهود القرائين /
_cمحمد جلاء ادريس
260 _aالقاهرة :
_bمركز الدراسات الشرقية - جامعة القاهرة ،
_c2003
300 _a139 ص ؛
_c20 سم
490 _aسلسلة فضل الاسلام على اليهود واليهودية
_v8
650 0 4 _aالفرق الدينية
650 0 4 _aالاسلام والديانات الاخرى
650 0 4 _aالاسلام واليهودية
650 0 4 _aاليهودية - فرق
650 0 4 _aفرقة اليهود القرائين
942 _2ddc
_cBK
999 _c6132
_d6132